00361 a2200145 4500003000400000005001700004008004100021020001800062040000900080082001500089100003200104245004500136260002500181300000900206OSt20240116155306.0240116b |||||||| |||| 00| 0 eng d a9788194299998 coclc a920bKAR/U a Karakunnu, Sheikh Mohammed aFarooq umar /cShaikh Muhammed Karakunnu aKerala:bIPH,c2020. a510p